Design of small dams. (Record no. 543071)

000 -LEADER
fixed length control field 00509nam a2200169 4500
082 00 - DEWEY DECIMAL CLASSIFICATION NUMBER
Classification number 627.8
Author Mark DES
-- l22,P15
110 1# - MAIN ENTRY--CORPORATE NAME
Corporate name or jurisdiction name as entry element United States.
9 (RLIN) 21185
245 10 - TITLE STATEMENT
Title Design of small dams.
250 ## - EDITION STATEMENT
Edition statement 2d ed.
260 ## - PUBLICATION, DISTRIBUTION, ETC.
Place of publication, distribution, etc. [Washington,
Name of publisher, distributor, etc. U.S. Govt. Print. Off.]
Date of publication, distribution, etc. 1973.
300 ## - PHYSICAL DESCRIPTION
Extent xxxviii, 816 p.
Other physical details illus.
Dimensions 27 cm.
526 ## - STUDY PROGRAM INFORMATION NOTE
Program name 0
Interest level 0
Reading level 0
Title point value 627_800000000000000_DES
650 #0 - SUBJECT ADDED ENTRY--TOPICAL TERM
Topical term or geographic name entry element Dams
General subdivision Design and construction.
9 (RLIN) 20078
650 #0 - SUBJECT ADDED ENTRY--TOPICAL TERM
Topical term or geographic name entry element MCE
9 (RLIN) 379
856 ## - ELECTRONIC LOCATION AND ACCESS
Uniform Resource Identifier <a href="http://172.25.8.12:8080/browse/book/109">http://172.25.8.12:8080/browse/book/109</a>
942 ## - ADDED ENTRY ELEMENTS (KOHA)
Source of classification or shelving scheme
Koha item type Book
Holdings
Withdrawn status Lost status Source of classification or shelving scheme Damaged status Not for loan Permanent Location Current Location Date acquired Total Checkouts Total Renewals Full call number Barcode Date last seen Date last checked out Price effective from Koha item type
          Military College of Engineering (MCE) Military College of Engineering (MCE) 03/04/2014 2 1 627.8 DES MCE-26421 10/07/2020 09/11/2020 03/04/2014 Book
© 2023 Central Library, National University of Sciences and Technology. All Rights Reserved.